000 00680naa a2200217 i 4500
001 57732
003 ES-MaBCM
005 20241016111926.0
008 990127s1998 fra 000 0 fre d
021 _axx
035 _a(OCoLC)1365263552
040 _cES-MaBCM
041 0 _afre
043 _afra
100 1 _aTurpin, Dominique
_947106
245 1 4 _aLes libertés publiques sous la V Republique
_cDominique Turpin
650 2 7 _aDerecho del individuo
_958361
651 4 _aFrancia
_9115364
773 0 _aEn:
_tRevue du droit public et de la science politique en France et à l'étranger
_dParis : 1998
_w104674
_gnuméro spécial, p. 1831-1852. - Loc. S.263
942 _cAREV
999 _c57732
_d57732